Blue Bird - Naruto - Letra - Statistics

Estatísticas Gerais
  • Esse quiz foi jogado 6 vezes
  • A pontuação média é 34 de 176
Estatísticas das Respostas
Resposta % Correto
he
83%
de
50%
na
50%
ano
33%
Aoi
33%
aoi
33%
itte
33%
mo
33%
naru
33%
no
33%
sora
33%
ta
33%
to
33%
Anata
17%
Furikiru
17%
Habatai
17%
hajimeta
17%
hane
17%
hiroge
17%
Hodo
17%
hodo
17%
iku
17%
ima
17%
Ima
17%
Kanashimi
17%
kara
17%
kawatte
17%
kono
17%
Kono
17%
koto
17%
kotoba
17%
kumo
17%
mada
17%
Mezame
17%
Mezashita
17%
Michi
17%
Mitsukaru
17%
Modoranai
17%
nai
17%
ni
17%
Sekai
17%
Setsunasa
17%
Shiroi
17%
shiroi
17%
shitte
17%
tara
17%
te
17%
Te
17%
tobitatsu
17%
Tobitatsu
17%
tsukami
17%
tsuki
17%
Tsukinuke
17%
wa
17%
wo
17%
yume
17%
Aiso
0%
Anato
0%
azukete
0%
dakiru
0%
Furikaeru
0%
furui
0%
hikari
0%
hora
0%
idaku
0%
Izanau
0%
kago
0%
Kakedashi
0%
kanjyou
0%
kette
0%
Kodou
0%
koe
0%
kokyuu
0%
koware
0%
Mabushi
0%
mado
0%
Miaki
0%
Motomeru
0%
mou
0%
nigitte
0%
oborerarezu
0%
Ochiteiku
0%
Oitsuzuketeikuyo
0%
oto
0%
Sabireta
0%
Sagashita
0%
Soredemo
0%
sugita
0%
suteteiku
0%
taiyou
0%
Takanaru
0%
Tooi
0%
tooi
0%
Wakatteita
0%
Nenhum quiz correspondente encontrado
Distribuição das Pontuações
Porcentagem de Pessoas com Cada Pontuação
Percentil de Números Respondidos
Sua Pontuação Histórica
Você não jogou esse quiz